Misyonerlik (Record no. 179)

MARC details
000 -BAŞLIK
Sabit Uzunlukta Kontrol Alanı 00744na a2200265 4500
001 - KONTROL NUMARASI
Denetim Alanı 12691
003 - KONTROL NUMARASI IDENTIFIER
Denetim Alanı MIRAKIL
005 - SON İŞLEM TARİHİ VE ZAMANI
Denetim Alanı 20181213154737.0
008 - SABİT-BOY VERİ ELEMANLARI - GENEL BİLGİLER
Sabit Uzunlukta Kontrol Alanı 160812b tu 000 0
020 ## - ULUSLARARASI STANDART KİTAP NUMARASI
Uluslararası Standart Kitap Numarası 9751937035
035 ## - SİSTEM KONTROL NUMARASI
Sistem Kontrol Numarası 12691
040 ## - KATALOGLAMA KAYNAK
Orijinal Kataloglama Ajansı Milas
Kataloglama Dili tur
Metne Dönüştürmek Ajansı TR-AnCHP
082 ## - DEWEY ONLU SINIFLANDIRMA NUMARASI
Sınıflandırma Numarası 266
Ürün Numarası G95m 2005
090 ## - SINIFLAMA NUMARASI
Sınıflama Numarası 266 G95m 2005
100 ## - ANA GİRİŞ - KİŞİSEL İSİM
Kişisel Ad Gündüz, Şinasi
245 ## - BAŞLIK TABLOSU
Başlık Misyonerlik
Sorumluluk Tablosu, Vb Şinasi Gündüz
260 ## - YAYIN, DAĞITIM, VB
Yayın, Dağıtım, Vb Yeri Ankara
Yayıncı, Dağıtıcı, Vs Adı Diyanet İşleri Başkanlığı
Yayın, Dağıtım, Vb Tarihi 2005
300 ## - FİZİKSEL TANIM
Kapsam 120 s
Boyutlar 21 sm
490 ## - SERİSİ TABLOSU
Seri Beyanı Halk Kitapları
Hacim / Ardışık Tanımı 157
490 ## - SERİSİ TABLOSU
Seri Beyanı Diyanet İşleri Başkanlığı yayınları
Hacim / Ardışık Tanımı 629
504 ## - KAYNAKÇA VB NOT
Kaynakça Vb Notu Kaynakça var
650 ## - KONU KATMA GİRİŞ - TOPİKAL DÖNEM
Topikal Süreli Veya Coğrafi Ad Giriş Elemanı Misyonerler
Genel Alt Bölümü Hıristiyanlık
650 ## - KONU KATMA GİRİŞ - TOPİKAL DÖNEM
Topikal Süreli Veya Coğrafi Ad Giriş Elemanı Misyonerlik
Genel Alt Bölümü Hıristiyanlık
-- Tarih
942 ## - EKLENDİ GİRİŞ ELEMANLARI (KOHA)
Sınıflandırma Veya Raf Düzeni Kaynak Dewey Decimal Classification
Koha Öğesi Türü Books
999 ## - SİSTEM KONTROL NUMARALARI (KOHA)
Koha Biblionumber 179
Koha Biblioitemnumber 179
Holdings
Kalıcı Konum Mevcut Konum Edinme Tarihi Edinim Kaynak Toplam Check-Out'Lar Tam Çağrı Numarası Barkod Tarih Son Görülme İtibaren Geçerli Fiyatlar Koha Öğesi Türü
CHP Kütüphanesi CHP Kütüphanesi 07/31/2016 Bağış   266 G95m 2005 000415 07/31/2016 07/31/2016 Books